00358nam a2200133Ia 4500008004100000082001600041100002500057245003500082250001600117260003700133300000900170650001600179700002900195191201s2011 xx 000 0 und d a512.94bDHP aDHAONCHAK, Poonam K. 0aPartial Differential Equations a18th Rev Ed aNew delhibJeevansons Pub.c2020 aMisc aMathematics aKUMARI, Meena and others